000
00294nam a22001337a 4500
008
170620b xxu||||| |||| 00| 0 eng d
020
_a
9780195173277
041
_a
eng
080
_a
32
100
_a
20
101
_a
SHP
245
_a
DEMOCRACY AND THE NEWS
_c
GANS.H.J
942
_2
udc
_c
BK
999
_c
18209
_d
18209